2018-19 UEFA Champions League Knockout Stage - Statistics

General Stats
  • This quiz has been taken 108 times
  • The average score is 26 of 30
Answer Stats
Answer % Correct
AFC Ajax 1/2
97%
FC Barcelona 1/2
97%
Tottenham Hotspur 1/2
97%
Liverpool FC 1/2
96%
Liverpool FC Final
96%
Tottenham Hotspur Final
96%
AFC Ajax 1/8
95%
FC Barcelona 1/8
95%
Liverpool FC 1/8
94%
FC Barcelona 1/4
92%
AFC Ajax 1/4
91%
Tottenham Hotspur 1/4
91%
Juventus 1/8
90%
Liverpool FC 1/4
90%
Tottenham Hotspur 1/8
90%
Manchester City 1/8
89%
Real Madrid 1/8
89%
Atletico Madrid 1/8
88%
Juventus 1/4
88%
Manchester City 1/4
87%
Paris SG 1/8
87%
Bayern Munich 1/8
85%
Manchester United 1/8
85%
Manchester United 1/4
82%
FC Porto 1/8
77%
FC Porto 1/4
77%
Borussia Dortmund 1/8
72%
Lyon 1/8
69%
Schalke 04 1/8
66%
AS Roma 1/8
54%
No matching quizzes found
Score Distribution
Percent of People with Each Score
Percentile by Number Answered
Your Score History
You have not taken this quiz